Weed control handbook. 2 V in 3 parts (Record no. 37159)

MARC details
000 -LEADER
fixed length control field 00335nam a2200133Ia 4500
082 ## - DEWEY DECIMAL CLASSIFICATION NUMBER
Classification number 632.9(035)
Item number FRY
245 #0 - TITLE STATEMENT
Title Weed control handbook. 2 V in 3 parts
260 ## - PUBLICATION, DISTRIBUTION, ETC. (IMPRINT)
Place of publication Oxford
Name of publisher Blackwell
Year of publication 1968
505 ## - FORMATTED CONTENTS NOTE
Formatted contents note V 2 ..Ed 5
700 ## - ADDED ENTRY--PERSONAL NAME
Personal name Evans, S A
700 ## - ADDED ENTRY--PERSONAL NAME
Personal name Fryer, J D
942 ## - ADDED ENTRY ELEMENTS (KOHA)
Koha item type Books
Holdings
Withdrawn status Lost status Damaged status Not for loan Home library Current library Date acquired Full call number Accession Number Koha item type
        RRII Library RRII Library 16/12/2021 632.9(035) FRY 17546 Books